East African practical Chinese textbook/ (Record no. 60328)

MARC details
000 -LEADER
fixed length control field 00629nam a2200181 4500
005 - DATE AND TIME OF LATEST TRANSACTION
control field 20260407055627.0
008 - FIXED-LENGTH DATA ELEMENTS--GENERAL INFORMATION
fixed length control field 260407b |||||||| |||| 00| 0 eng d
020 ## - INTERNATIONAL STANDARD BOOK NUMBER
International Standard Book Number 9789966195821
050 ## - LIBRARY OF CONGRESS CALL NUMBER
Classification number PL1129.5
Item number .E27 2025 V.2
245 ## - TITLE STATEMENT
Title East African practical Chinese textbook/
260 ## - PUBLICATION, DISTRIBUTION, ETC. (IMPRINT)
Place of publication, distribution, etc Wuhan, China
Name of publisher, distributor, etc Hubei Science and Technology Press
Date of publication, distribution, etc 2025
300 ## - PHYSICAL DESCRIPTION
Extent 154 p.:
Dimensions 24 cm
650 ## - SUBJECT ADDED ENTRY--TOPICAL TERM
Topical term or geographic name as entry element Chinese language
General subdivision Textbooks for foreign speakers.
650 ## - SUBJECT ADDED ENTRY--TOPICAL TERM
Topical term or geographic name as entry element Chinese language
General subdivision Study and teaching
-- Foreign speakers.
650 ## - SUBJECT ADDED ENTRY--TOPICAL TERM
Topical term or geographic name as entry element Chinese language
General subdivision Conversation and phrase books.
700 ## - ADDED ENTRY--PERSONAL NAME
Personal name Wang, Shangxue
Relator term ed.
942 ## - ADDED ENTRY ELEMENTS (KOHA)
Source of classification or shelving scheme Library of Congress Classification
Item type Book
Holdings
Withdrawn status Lost status Source of classification or shelving scheme Damaged status Not for loan Collection code Home library Current library Shelving location Date acquired Source of acquisition Coded location qualifier Total Checkouts Full call number Barcode Date last seen Copy number Price effective from Koha item type
    Library of Congress Classification     Non-fiction Bishop Okullu Memorial Library (Limuru Campus) Bishop Okullu Memorial Library (Limuru Campus) General Circulation 07/04/2026 purchase 1000   PL1129.5 .E27 2025 V.2 073168 07/04/2026 1 07/04/2026 Book
    Library of Congress Classification     Non-fiction Bishop Okullu Memorial Library (Limuru Campus) Bishop Okullu Memorial Library (Limuru Campus) General Circulation 07/04/2026 donation 1000   PL1129.5 .E27 2025 V.2 073167 07/04/2026   07/04/2026 Book